[Event "EuTCh w"]
[Site "Plovdiv BUL"]
[Date "2003.10.12"]
[Round "2"]
[White "Jiretorn,E"]
[Black "Gaponenko,I"]
[Result "0-1"]
[WhiteElo "2136"]
[BlackElo "2409"]
[EventDate "2003.10.10"]

1. d4 Nf6 2. c4 e6 3. Nf3 d5 4. g3 dxc4 5. Qa4+ Nbd7 6. Qxc4 a6 7. Bg2 b5
8. Qd3 Bb7 9. O-O c5 10. dxc5 Bxc5 11. Nc3 O-O 12. b3 Qb6 13. e3 Rfd8 14.
Qe2 Rac8 15. Bb2 Bb4 16. Nd1 Be4 17. Nd4 Bxg2 18. Kxg2 e5 19. Nf3 Qb7 20.
a3 Ba5 21. b4 Bc7 22. Kg1 e4 23. Nd2 Ne5 24. f4 exf3 25. Nxf3 Nxf3+ 26.
Qxf3 Qxf3 27. Rxf3 Ne4 28. Rc1 Nd2 29. Rf2 Nb3 30. Rb1 Bb6 31. Re2 Rd3 32.
Kf2 f6 33. Ke1 h5 34. e4 Nd4 35. Bxd4 Bxd4 36. Ra2 Bb6 37. Ke2 Rd4 38. Nf2
Rdc4 39. Kf3 Bxf2 40. Kxf2 Rxe4 41. Rb3 Rec4 42. Rd3 Rc2+ 43. Rxc2 Rxc2+
44. Kf3 Kf7 45. h4 Ke6 46. Ke4 Rc4+ 47. Kf3 g5 48. hxg5 fxg5 49. Re3+ Kf5
50. Rd3 g4+ 51. Ke3 Ke5 52. Kd2 Rd4 53. Kc3 Rxd3+ 54. Kxd3 Kd5 55. Ke3 Kc4
56. Kf4 Kb3 57. Kg5 Kxa3 58. Kxh5 Kxb4 59. Kxg4 Kc3 0-1

[Event "EuTCh w"]
[Site "Plovdiv BUL"]
[Date "2003.10.12"]
[Round "2"]
[White "Ciuksyte,D"]
[Black "Krivec,J"]
[Result "1-0"]
[WhiteElo "2295"]
[BlackElo "2313"]
[EventDate "2003.10.10"]

1. e4 e5 2. Nf3 d6 3. d4 exd4 4. Nxd4 Nf6 5. Nc3 Be7 6. Bc4 O-O 7. O-O c6
8. Re1 b5 9. Bd3 a6 10. Bf4 c5 11. Nf3 Bb7 12. Qd2 c4 13. Bf1 b4 14. Nd5
Nxd5 15. exd5 c3 16. bxc3 bxc3 17. Qe3 Bf6 18. Bd3 Qc7 19. Ng5 Bxg5 20.
Bxg5 Nd7 21. Qh3 g6 22. Re7 Bc8 23. Qh6 Qc5 24. Rxd7 1-0

[Event "EuTCh w"]
[Site "Plovdiv BUL"]
[Date "2003.10.12"]
[Round "2"]
[White "Matveeva,S"]
[Black "Motoc,A"]
[Result "1-0"]
[WhiteElo "2483"]
[BlackElo "2363"]
[EventDate "2003.10.10"]

1. d4 Nf6 2. c4 g6 3. Nf3 Bg7 4. g3 O-O 5. Bg2 d6 6. Nc3 Nbd7 7. O-O e5 8.
e4 c6 9. h3 Qb6 10. c5 dxc5 11. dxe5 Ne8 12. e6 fxe6 13. Ng5 Ne5 14. f4 c4+
15. Kh2 Nd3 16. e5 Nxb2 17. Bxb2 Qxb2 18. Qd4 Nc7 19. Rab1 Qa3 20. Qxc4 Qe7
21. Nce4 Nd5 22. Rfe1 Bh6 23. h4 Bg7 24. Bh3 h6 25. Nf3 b6 26. Qxc6 Bd7 27.
Qc2 Rac8 28. Qd3 Rfd8 29. Rec1 Nb4 30. Qb3 Nd5 31. Nd6 Rxc1 32. Rxc1 Rf8
33. Re1 Kh7 34. Qd3 Nb4 35. Qb1 a5 36. h5 Be8 37. Nh4 Bxe5 38. Nxe8 Bxf4
39. Qxg6+ Kh8 40. Rxe6 1-0

[Event "EuTCh w"]
[Site "Plovdiv BUL"]
[Date "2003.10.12"]
[Round "2"]
[White "Botsari,A"]
[Black "Khurtsidze,N"]
[Result "1/2-1/2"]
[WhiteElo "2394"]
[BlackElo "2418"]
[EventDate "2003.10.10"]

1. d4 Nf6 2. c4 e6 3. Nc3 Bb4 4. Qc2 c5 5. dxc5 Bxc5 6. Nf3 Qb6 7. e3 Qc7
8. Bd3 a6 9. O-O b6 10. b3 Bb7 11. Ne4 Be7 12. Bb2 d6 13. Nxf6+ gxf6 14.
Nd2 Rg8 15. Be4 f5 16. Bxb7 Qxb7 17. f3 Nd7 18. e4 f4 19. b4 Rc8 20. Rac1
a5 21. a3 axb4 22. axb4 Ne5 23. Qb3 Bf6 24. Rfd1 Ke7 25. Qc2 Rc7 26. Qb1
1/2-1/2

[Event "EuTCh w"]
[Site "Plovdiv BUL"]
[Date "2003.10.12"]
[Round "2"]
[White "Maric,A"]
[Black "Danielian,E"]
[Result "1/2-1/2"]
[WhiteElo "2433"]
[BlackElo "2400"]
[EventDate "2003.10.10"]

1. d4 d5 2. Nf3 Nf6 3. c4 dxc4 4. e3 e6 5. Bxc4 c5 6. O-O a6 7. Bb3 Be7 8.
Qe2 Nc6 9. dxc5 Bxc5 10. e4 b5 11. Nc3 Be7 12. Rd1 Qc7 13. Nd5 exd5 14.
exd5 O-O 15. dxc6 Bd6 16. Bg5 Re8 17. Qd3 Ne4 18. Bd5 Bxh2+ 19. Nxh2 Nxg5
20. Nf3 h6 21. Nxg5 hxg5 22. a4 bxa4 23. Rxa4 Be6 24. Be4 Rab8 25. Rxa6
Rxb2 26. Qd4 Re2 27. Bf3 Rc2 28. Ra7 Qb8 29. Rb7 Qc8 30. Rd7 g4 31. Rd8
gxf3 32. Rxc8 Rxc8 33. Qd3 R2xc6 34. Qxf3 Rc1 35. Rxc1 Rxc1+ 36. Kh2 Rc5
37. Qa8+ Rc8 38. Qa5 1/2-1/2

[Event "EuTCh w"]
[Site "Plovdiv BUL"]
[Date "2003.10.12"]
[Round "2"]
[White "Yildiz,B"]
[Black "Klinova,M"]
[Result "0-1"]
[WhiteElo "2131"]
[BlackElo "2378"]
[EventDate "2003.10.10"]

1. d4 d6 2. e4 Nf6 3. Bd3 e5 4. c3 Nc6 5. Nf3 Bg4 6. d5 Ne7 7. c4 Ng6 8. g3
Be7 9. Nc3 Qc8 10. Be2 O-O 11. h4 c6 12. Be3 Bd8 13. Rc1 Ba5 14. Nd2 Bxe2
15. Qxe2 Ng4 16. Nb3 Bxc3+ 17. Rxc3 Nxe3 18. Qxe3 f5 19. exf5 Qxf5 20. dxc6
bxc6 21. Rc1 d5 22. cxd5 cxd5 23. Qe2 Rf7 24. O-O Raf8 25. Rc5 Ne7 26. Nc1
e4 27. Nb3 Qg6 28. Rc7 Qb6 29. Rcc1 Nf5 30. Rc5 Nxg3 0-1

[Event "EuTCh w"]
[Site "Plovdiv BUL"]
[Date "2003.10.12"]
[Round "2"]
[White "Vasiliev,Olg"]
[Black "Cinar,N"]
[Result "0-1"]
[WhiteElo "2189"]
[BlackElo "2084"]
[EventDate "2003.10.10"]

1. e4 c5 2. Nf3 Nc6 3. d4 cxd4 4. Nxd4 Nf6 5. Nc3 e5 6. Ndb5 d6 7. Nd5 Nxd5
8. exd5 Nb8 9. c4 a6 10. Nc3 Nd7 11. Bd3 Be7 12. O-O O-O 13. Kh1 f5 14. f3
Nf6 15. Be3 Qe8 16. b4 Bd7 17. c5 Kh8 18. Bc2 Rc8 19. Na4 Bd8 20. Bb3 f4
21. Bg1 Nh5 22. Bf2 Rf6 23. Re1 Rh6 24. Kg1 Qg6 25. Bc2 Qg5 26. Kf1 Bb5+
27. Bd3 Rg6 28. Bxb5 axb5 29. Nc3 Qxg2+ 30. Ke2 Qxh2 31. Qd2 Rg2 32. Kd1
Rxf2 33. Qd3 Qh3 34. Nxb5 Rxf3 35. Qc4 dxc5 36. Nd6 Rd3+ 37. Kc2 Rd4 38.
Qb5 cxb4+ 39. Nxc8 Qxc8+ 40. Kb1 Bf6 41. Rc1 Qf5+ 42. Kb2 Rd2+ 43. Kb3 h6
44. d6 Qd3+ 45. Qxd3 Rxd3+ 46. Kxb4 Rxd6 47. Re1 e4 48. Rac1 e3 49. Rc7 b6
50. Rc8+ Kh7 51. Re8 Bd4 52. Kc4 Nf6 53. Re7 Bc5 54. Re5 Rd4+ 55. Kb3 Rd5
56. Re6 f3 57. Rf1 Rf5 0-1

[Event "EuTCh w"]
[Site "Plovdiv BUL"]
[Date "2003.10.12"]
[Round "2"]
[White "Zhukova,N"]
[Black "Andersson,C"]
[Result "1-0"]
[WhiteElo "2452"]
[BlackElo "2169"]
[EventDate "2003.10.10"]

1. d4 d5 2. c4 c6 3. e3 Nf6 4. Nf3 g6 5. Bd3 Bg7 6. O-O O-O 7. h3 Nbd7 8.
cxd5 cxd5 9. Nc3 Re8 10. Qb3 e5 11. dxe5 Nxe5 12. Be2 Ne4 13. Rd1 Nxc3 14.
bxc3 Be6 15. Nd4 Rb8 16. e4 Qf6 17. exd5 Bf5 18. Nxf5 gxf5 19. Rb1 Ng6 20.
Bb5 Red8 21. c4 f4 22. Qf3 Qf5 23. Rb3 Qc2 24. Qd3 Qxd3 25. Rbxd3 Rbc8 26.
d6 a6 27. d7 Rc7 28. Re1 Be5 29. Bxf4 f6 30. Bxe5 Nxe5 31. f4 Rdxd7 32.
Rg3+ Rg7 33. Rxg7+ Kxg7 34. fxe5 axb5 35. cxb5 Rc2 36. e6 Kf8 37. e7+ Ke8
38. Re6 Rxa2 39. Rxf6 Rb2 40. Rb6 Kxe7 41. Rxb7+ Kf6 42. Rxh7 Rxb5 43. Rc7
Rb3 44. Kf2 Kg5 45. Rc5+ Kh4 46. Rc4+ Kh5 47. h4 Ra3 48. g3 Ra1 49. Kf3
Rf1+ 50. Kg2 Ra1 51. Rc5+ Kh6 52. Kh3 Ra3 53. h5 Ra1 54. Kh4 Rg1 55. Rc6+
Kh7 56. g4 Rf1 57. Rc7+ Kg8 58. h6 Rd1 59. Re7 Rd5 60. g5 Rd6 61. Kh5 Rd5
62. Kg6 Rd6+ 63. Kf5 Rd5+ 64. Kf6 Rd8 65. g6 Rb8 66. g7 Ra8 67. Re6 Kh7 68.
Kf7 Ra7+ 69. Re7 Ra8 70. Re8 Ra7+ 71. Kf8 1-0

[Event "EuTCh w"]
[Site "Plovdiv BUL"]
[Date "2003.10.12"]
[Round "2"]
[White "Socko,M"]
[Black "Mira,H"]
[Result "1/2-1/2"]
[WhiteElo "2395"]
[BlackElo "2098"]
[EventDate "2003.10.10"]

1. d4 d6 2. Nf3 Bg4 3. c4 c6 4. Nc3 Nd7 5. e4 e5 6. d5 Be7 7. Be2 Bxf3 8.
Bxf3 Ngf6 9. Be3 O-O 10. O-O a6 11. Rc1 c5 12. a3 Ne8 13. Qd2 g6 14. Be2 f5
15. exf5 gxf5 16. f4 Kh8 17. Kh1 Ng7 18. Rce1 Nf6 19. fxe5 dxe5 20. Bh6
Nfe8 21. Qe3 Bd6 22. Bd3 Qh4 23. g3 Qh5 24. Bg5 Rc8 25. Rf2 Rc7 26. Rd1
Rcf7 27. h4 f4 28. gxf4 exf4 29. Qh3 h6 30. Bd8 f3 31. Rg1 Qe5 32. Rg6 Qe3
33. Ne4 Qxd3 34. Rxh6+ Kg8 35. Nxd6 Nxd6 36. Rxd6 Qe4 37. Bg5 Nf5 1/2-1/2

[Event "EuTCh w"]
[Site "Plovdiv BUL"]
[Date "2003.10.12"]
[Round "2"]
[White "Houska,Jo"]
[Black "Jelica,M"]
[Result "1-0"]
[WhiteElo "2358"]
[BlackElo "2236"]
[EventDate "2003.10.10"]

1. e4 c5 2. Nc3 Nc6 3. g3 g6 4. Bg2 Bg7 5. d3 d6 6. Be3 Rb8 7. Qd2 b5 8.
Nge2 b4 9. Nd1 Nd4 10. O-O e6 11. Nc1 Ne7 12. c3 bxc3 13. bxc3 Ndc6 14. Bh6
O-O 15. Bxg7 Kxg7 16. Ne3 Ba6 17. f4 f5 18. exf5 exf5 19. Nb3 Qc8 20. Rfe1
Re8 21. c4 Bb7 22. Qc3+ Kh6 23. g4 fxg4 24. Qf6 Ng8 25. Qxd6 Rd8 26. Qxc5
Rxd3 27. Qg5+ Kg7 28. Nc5 Rd2 29. f5 Nd4 30. Nxb7 Rxg2+ 31. Kxg2 Qxb7+ 32.
Nd5 Qb2+ 33. Kh1 Nf3 34. Qf4 Nxe1 35. Qc7+ Kh6 36. Rxe1 Qf2 37. Qg3 Qxg3
38. hxg3 gxf5 39. c5 Rc8 40. Re6+ Kg5 41. c6 f4 42. gxf4+ Kf5 43. Re5+ Kg6
44. c7 h5 45. Rg5+ Kf7 46. Rxh5 Ke6 47. Kg2 Kd6 48. Kg3 Ne7 49. Nxe7 Kxe7
50. Rc5 Kf6 51. Kxg4 Rg8+ 52. Kf3 Rc8 53. Ke4 Ke6 54. Rc6+ Kd7 55. Kd5 Ke7
56. f5 1-0

[Event "EuTCh w"]
[Site "Plovdiv BUL"]
[Date "2003.10.12"]
[Round "2"]
[White "Georgieva,Li"]
[Black "Schuurman,P"]
[Result "1/2-1/2"]
[WhiteElo "2252"]
[BlackElo "2263"]
[EventDate "2003.10.10"]

1. e4 c6 2. d4 d5 3. exd5 cxd5 4. c4 Nf6 5. Nc3 e6 6. c5 b6 7. b4 Bd7 8.
Bf4 bxc5 9. bxc5 Qa5 10. Bd2 Qc7 11. Nb5 Bxb5 12. Bxb5+ Nfd7 13. Qa4 a6 14.
Ne2 Qb7 15. Bd3 Nc6 16. O-O Be7 17. Rab1 Qc8 18. Bf4 O-O 19. Bd6 Re8 20. f4
Bf6 21. Kh1 g6 22. Rb3 Rd8 23. Rfb1 Ra7 24. g4 Qa8 25. h3 Rc8 26. Ra3 Bg7
27. g5 f6 28. gxf6 Bxf6 29. Bc2 Re8 30. Rg3 Nf8 31. Rb6 Rc8 32. Bd3 Nd7 33.
Rb1 Nf8 34. Bc2 Rf7 35. Rb6 Ra7 1/2-1/2

[Event "EuTCh w"]
[Site "Plovdiv BUL"]
[Date "2003.10.12"]
[Round "2"]
[White "Micic,J"]
[Black "Mamedjarova,T"]
[Result "1-0"]
[WhiteElo "2319"]
[BlackElo "2227"]
[EventDate "2003.10.10"]

1. e4 e5 2. Nf3 Nc6 3. Bc4 Bc5 4. c3 Nf6 5. d3 d6 6. Bb3 a6 7. Nbd2 Ba7 8.
h3 O-O 9. Nf1 Ne7 10. Ng3 Ng6 11. O-O h6 12. d4 Nh7 13. Nf5 Qf6 14. Bc2
Bxf5 15. exf5 Ne7 16. dxe5 dxe5 17. Qd3 Rad8 18. Qe4 Nc6 19. Nh2 Qe7 20.
Ng4 f6 21. h4 Rfe8 22. Nh2 Kh8 23. Nf3 Qd7 24. Be3 Bxe3 25. fxe3 Qd5 26. g4
Ne7 27. Kf2 Rd6 28. Qxd5 Nxd5 29. Be4 c6 30. a4 Nb6 31. Ke2 Red8 32. b3 a5
33. Rh1 Nf8 34. g5 Nfd7 35. b4 Nc4 36. gxh6 gxh6 37. Rhg1 Rg8 38. Bc2 Ndb6
39. Rxg8+ Kxg8 40. Bb3 Kh7 41. Rg1 Nb2 42. Nd2 N6xa4 43. Ne4 Rd8 44. Nxf6+
Kh8 45. Ne4 Nb6 46. bxa5 N6c4 47. f6 Rf8 48. h5 Kh7 49. Rg6 Rd8 50. f7 Rf8
51. Nf6+ 1-0

[Event "EuTCh w"]
[Site "Plovdiv BUL"]
[Date "2003.10.12"]
[Round "2"]
[White "Petrenko,S"]
[Black "Sedina,E"]
[Result "1-0"]
[WhiteElo "2331"]
[BlackElo "2394"]
[EventDate "2003.10.10"]

1. e4 e6 2. d4 d5 3. Nd2 c5 4. Ngf3 Nc6 5. exd5 exd5 6. Bb5 Bd6 7. O-O Nge7
8. dxc5 Bxc5 9. Nb3 Bd6 10. Bg5 O-O 11. Re1 a6 12. Be2 h6 13. Bh4 Bf5 14.
c3 Qb6 15. Qd2 Rfe8 16. Bd3 Bg4 17. Nfd4 Ne5 18. Bg3 Nc4 19. Qc2 Bxg3 20.
hxg3 Rac8 21. Be2 Bxe2 22. Rxe2 Qg6 23. Rae1 Qxc2 24. Nxc2 Kf8 25. Ne3 Nc6
26. Nxd5 Rxe2 27. Rxe2 Rd8 28. Ne3 Nxe3 29. Rxe3 Rd1+ 30. Kh2 h5 31. f3 f6
32. g4 hxg4 33. fxg4 Ne5 34. Kg3 Nc4 35. Re2 Rb1 36. Nc5 Nxb2 37. Nxb7 Nc4
38. Nc5 Rc1 39. Na4 Rd1 40. Re4 Rd3+ 41. Kf2 Ne5 42. Rd4 Rxd4 43. cxd4
Nxg4+ 44. Kf3 f5 45. Nc5 a5 46. a4 Nf6 47. Kf4 g6 48. Ke5 Ke7 49. d5 Ng4+
50. Kd4 f4 51. Ne6 g5 52. Nxg5 Ne3 53. Ke5 Nxg2 54. Nf3 Ne3 55. d6+ Kd7 56.
Kxf4 Nc4 57. Ne5+ Kxd6 58. Nxc4+ Kc5 59. Nb2 Kb4 60. Ke4 Kc3 61. Kd5 Kxb2
62. Kc4 Kc2 63. Kb5 1-0

[Event "EuTCh w"]
[Site "Plovdiv BUL"]
[Date "2003.10.12"]
[Round "2"]
[White "Sekulovska,V"]
[Black "Sikorova,O"]
[Result "1-0"]
[WhiteElo "2130"]
[BlackElo "2241"]
[EventDate "2003.10.10"]

1. d4 Nf6 2. c4 c5 3. d5 e6 4. Nc3 exd5 5. cxd5 d6 6. Nf3 g6 7. e4 Bg7 8.
h3 O-O 9. Bd3 Na6 10. O-O Nc7 11. a4 b6 12. Re1 a6 13. Bf1 Bb7 14. Bf4 Rb8
15. Qd2 Qd7 16. Bh6 b5 17. Bxg7 Kxg7 18. axb5 axb5 19. b4 cxb4 20. Na2 b3
21. Nb4 Ra8 22. Rab1 Ra3 23. Nd4 Re8 24. Bd3 Rea8 25. Nxb3 Na6 26. Nxa6
Bxa6 27. Nd4 Rb8 28. Ra1 Rxa1 29. Rxa1 Bc8 30. Nc6 Rb7 31. Qb2 Qc7 32. Rc1
Qb6 33. e5 dxe5 34. Qxe5 Bd7 35. Ne7 Ra7 36. d6 Be6 37. g4 Ra2 38. Rc2 Rxc2
39. Bxc2 h6 40. Nxg6 Qc6 41. Bd3 Qc1+ 42. Kh2 Qd2 43. Nf4 Qxf2+ 44. Kh1 Bd7
45. Nh5+ Kf8 46. Qe7+ Kg8 47. Nxf6+ Kg7 48. Nh5+ Kg8 49. Qd8+ 1-0

[Event "EuTCh w"]
[Site "Plovdiv BUL"]
[Date "2003.10.12"]
[Round "2"]
[White "Machalova,M"]
[Black "Garcia Vicente,N"]
[Result "0-1"]
[WhiteElo "2187"]
[BlackElo "2244"]
[EventDate "2003.10.10"]

1. c4 e6 2. Nc3 d5 3. d4 Nf6 4. Nf3 Be7 5. cxd5 exd5 6. Bf4 Bf5 7. Qb3 Nc6
8. a3 Na5 9. Qa4+ c6 10. e3 O-O 11. Ne5 b5 12. Qd1 Qc8 13. Be2 Qb7 14. O-O
Nc4 15. Qc1 Rfd8 16. b3 Nxa3 17. Rxa3 Bxa3 18. Qxa3 b4 19. Qa4 bxc3 20. Ba6
Qb6 21. Nxc6 Re8 22. Rc1 Bd7 23. Rxc3 Re6 24. Ne7+ Rxe7 25. Qa3 Re6 0-1

[Event "EuTCh w"]
[Site "Plovdiv BUL"]
[Date "2003.10.13"]
[Round "3"]
[White "Dzagnidze,N"]
[Black "Djingarova,E"]
[Result "1/2-1/2"]
[WhiteElo "2452"]
[BlackElo "2329"]
[EventDate "2003.10.10"]

1. d4 d5 2. Nf3 c6 3. g3 Bf5 4. Bg2 Nf6 5. O-O h6 6. b3 e6 7. Bb2 Be7 8. c4
O-O 9. Nbd2 Nbd7 10. Ne5 a5 11. Nxd7 Qxd7 12. f3 c5 13. e4 dxe4 14. Nxe4 b6
15. d5 Ne8 16. g4 Bg6 17. f4 Rd8 18. Ng3 Bf6 19. Bxf6 Nxf6 20. f5 exf5 21.
gxf5 Bh7 22. Qf3 Rfe8 23. Qf4 Qd6 24. Rae1 Rxe1 25. Rxe1 g6 26. fxg6 Bxg6
27. Bh3 Kf8 28. Bf5 Ne8 29. Re5 Bxf5 30. Rxf5 Qg6 31. Re5 1/2-1/2

[Event "EuTCh w"]
[Site "Plovdiv BUL"]
[Date "2003.10.13"]
[Round "3"]
[White "Llaneza Vega,P"]
[Black "Zielinska,Mar"]
[Result "0-1"]
[WhiteElo "2190"]
[BlackElo "2429"]
[EventDate "2003.10.10"]

1. e4 d6 2. d4 Nf6 3. Nc3 Nc6 4. Nf3 Bg4 5. Be3 e5 6. Bb5 Nd7 7. d5 Ncb8 8.
h3 Bxf3 9. Qxf3 Be7 10. O-O O-O 11. b4 Bg5 12. Nd1 a5 13. c3 Bf6 14. Nb2 g6
15. Bxd7 Nxd7 16. Nc4 a4 17. Bh6 Bg7 18. Bxg7 Kxg7 19. Ne3 h5 20. c4 Qh4
21. Rfe1 b6 22. Rac1 Qf4 23. a3 Rae8 24. Qd1 Qxe4 25. Qxa4 Re7 26. Qd1 Qh4
27. a4 f5 28. Nf1 Nf6 29. Ng3 Qg5 30. c5 bxc5 31. bxc5 h4 32. Ne2 f4 33.
Nd4 e4 34. Nf3 Qxd5 35. cxd6 cxd6 36. Qxd5 Nxd5 37. Red1 Nb4 38. Rc4 Nd3
39. Rxe4 Rxe4 40. Rxd3 Rd8 41. a5 d5 42. Nxh4 Re1+ 43. Kh2 Ra1 44. Rd4 g5
45. Nf3 Kf6 46. h4 Rh8 47. Nxg5 Rxh4+ 48. Nh3 Ke5 49. Rd2 Rxa5 50. g3 fxg3+
51. fxg3 Rha4 52. Re2+ Kf5 53. Rf2+ Ke4 54. Rf4+ Ke3 55. Rf5 Ra2+ 56. Kh1
Rb2 0-1

[Event "EuTCh w"]
[Site "Plovdiv BUL"]
[Date "2003.10.13"]
[Round "3"]
[White "Agababean,N"]
[Black "Sekulovska,V"]
[Result "1/2-1/2"]
[WhiteElo "2252"]
[BlackElo "2130"]
[EventDate "2003.10.10"]

1. d4 d5 2. Nf3 Nf6 3. c4 e6 4. Nc3 Nbd7 5. e3 Be7 6. Bd3 O-O 7. O-O dxc4
8. Bxc4 c5 9. Qe2 cxd4 10. exd4 Nb6 11. Bb3 Nbd5 12. Ne5 Bd7 13. Re1 Bc6
14. Nxc6 bxc6 15. Be3 Rc8 16. Rad1 Qc7 17. Rc1 Qb8 18. Na4 Bd6 19. g3 Rfe8
20. Bg5 h6 21. Bxf6 Nxf6 22. Nc5 Qb6 23. Qc4 Nd5 24. Re2 Red8 25. Bc2 Bxc5
26. dxc5 Qb4 27. Bb3 Rb8 28. Qxb4 Nxb4 29. Rc3 a5 30. Kg2 Rd4 31. Rc4 Rd5
32. Ba4 Nd3 33. Bxc6 Rxc5 34. Rxc5 Nxc5 35. Rd2 Kf8 36. b3 Na6 37. Kf3 Nb4
38. Ba4 Ke7 39. Rd7+ Kf6 40. Ra7 Nxa2 41. Rxa5 Nc1 42. Ra7 Nxb3 43. Bxb3
Rxb3+ 44. Kg2 g5 45. h3 h5 46. Rc7 Kg6 47. Re7 Kf6 48. Re8 Kg7 49. Re7
1/2-1/2

[Event "EuTCh w"]
[Site "Plovdiv BUL"]
[Date "2003.10.13"]
[Round "3"]
[White "Jelica,M"]
[Black "Rantanen,T"]
[Result "1-0"]
[WhiteElo "2236"]
[BlackElo "2165"]
[EventDate "2003.10.10"]

1. e4 c5 2. Nf3 Nc6 3. d4 cxd4 4. Nxd4 Nf6 5. Nc3 e5 6. Ndb5 d6 7. Bg5 a6
8. Na3 b5 9. Nd5 Be7 10. Bxf6 Bxf6 11. c3 O-O 12. Nc2 Bg5 13. h4 Be7 14.
Nce3 Be6 15. g3 b4 16. Bc4 bxc3 17. bxc3 Kh8 18. Qd3 Qa5 19. O-O Bd8 20.
Rab1 Ra7 21. Rfd1 Qc5 22. Bxa6 f5 23. exf5 Bxd5 24. Nxd5 Ne7 25. Nxe7 Bxe7
26. Bc4 Ra4 27. Bd5 Rg4 28. Kf1 g6 29. Rb5 Qc8 30. Be6 Qc6 31. Bd5 Qc8 32.
Bf3 Ra4 33. Rb7 Bf6 34. fxg6 Bg7 35. Rdb1 Rxa2 36. Rxg7 Kxg7 37. Rb7+ Qxb7
38. Bxb7 Rfxf2+ 39. Ke1 Rh2 40. Qd1 hxg6 41. Bf3 Ra6 42. Qd5 Rha2 43. Bd1
Rb2 44. Qd3 Rab6 45. c4 Rb1 1-0

[Event "EuTCh w"]
[Site "Plovdiv BUL"]
[Date "2003.10.13"]
[Round "3"]
[White "Matveeva,S"]
[Black "Cinar,N"]
[Result "1-0"]
[WhiteElo "2483"]
[BlackElo "2084"]
[EventDate "2003.10.10"]

1. d4 Nf6 2. c4 c5 3. d5 b5 4. cxb5 a6 5. b6 d6 6. Nc3 Qxb6 7. e4 g6 8. Nf3
Nbd7 9. Be2 Bg7 10. O-O O-O 11. Qc2 Rb8 12. Rb1 Ne8 13. Bg5 Qd8 14. Rfe1
Nc7 15. a4 Bb7 16. Rbd1 Ne5 17. Nd2 f5 18. f4 Nf7 19. Bh4 Bd4+ 20. Kh1 Nh6
21. Nf3 fxe4 22. Qxe4 Nf5 23. Bc4 Qd7 24. Bg5 Bg7 25. Qd3 Rbe8 26. b3 Kh8
27. Qd2 Nd4 28. Nxd4 Bxd4 29. Bh6 Rf5 30. Ne2 e5 31. Nxd4 cxd4 32. Qe2 Nxd5
33. Rxd4 Nc3 34. Qd2 Rh5 35. fxe5 Qh3 36. Bf4 Rf8 37. Rd3 Qf5 38. exd6 Qxf4
39. Qxf4 Rxf4 40. Rxc3 Bc6 41. Rc2 Rfh4 42. Kg1 Rxh2 43. Be6 Rh1+ 44. Kf2
Rxe1 45. Kxe1 Re5+ 46. Re2 1-0

[Event "EuTCh w"]
[Site "Plovdiv BUL"]
[Date "2003.10.13"]
[Round "3"]
[White "Velcheva,M"]
[Black "Zhukova,N"]
[Result "0-1"]
[WhiteElo "2295"]
[BlackElo "2452"]
[EventDate "2003.10.10"]

1. e4 e6 2. d3 c5 3. Nf3 Nc6 4. g3 Nge7 5. Bg2 g6 6. O-O Bg7 7. c3 e5 8.
Be3 d6 9. h3 O-O 10. Na3 h6 11. d4 exd4 12. cxd4 d5 13. dxc5 dxe4 14. Nd2
Nd5 15. Nac4 Nxe3 16. fxe3 f5 17. Qb3 Kh7 18. Rad1 Qe7 19. Nd6 Qe5 20. Nxc8
Raxc8 21. Qxb7 Rc7 22. Qa6 Qxg3 23. Nc4 Ne5 24. Qd6 Rc6 25. Qd5 Nxc4 26.
Qxc6 Nxe3 27. Rd2 Be5 28. Qd7+ Kh8 29. Rb1 Qh2+ 30. Kf2 Qxg2+ 0-1

[Event "EuTCh w"]
[Site "Plovdiv BUL"]
[Date "2003.10.13"]
[Round "3"]
[White "Paehtz,E"]
[Black "Maric,A"]
[Result "1-0"]
[WhiteElo "2419"]
[BlackElo "2433"]
[EventDate "2003.10.10"]

1. e4 c6 2. d4 d5 3. Nc3 dxe4 4. Nxe4 Bf5 5. Ng3 Bg6 6. h4 h6 7. Nf3 e6 8.
Ne5 Bh7 9. Bd3 Bxd3 10. Qxd3 Nd7 11. f4 Bb4+ 12. c3 Be7 13. Bd2 Ngf6 14.
O-O-O c5 15. Be3 Qa5 16. Nxd7 Nxd7 17. dxc5 Rd8 18. Kb1 Nxc5 19. Qe2 Nd7
20. f5 Qe5 21. Qf3 Nf6 22. fxe6 Rxd1+ 23. Rxd1 fxe6 24. Bd4 Qd5 25. Qe2 Qc6
26. Re1 O-O 27. Qxe6+ Qxe6 28. Rxe6 Kf7 29. Re2 g6 30. Bxa7 Nd5 31. h5 gxh5
32. Nxh5 Rg8 33. Rf2+ Ke6 34. c4 Nb4 35. Re2+ Kd7 36. Bc5 1-0

[Event "EuTCh w"]
[Site "Plovdiv BUL"]
[Date "2003.10.13"]
[Round "3"]
[White "Prudnikova,S"]
[Black "Micic,J"]
[Result "1-0"]
[WhiteElo "2412"]
[BlackElo "2319"]
[EventDate "2003.10.10"]

1. Nf3 Nc6 2. e4 d6 3. d4 Bg4 4. Be3 Nf6 5. Nc3 e6 6. h3 Bh5 7. d5 exd5 8.
exd5 Ne5 9. g4 Nxf3+ 10. Qxf3 Bg6 11. O-O-O a6 12. h4 h5 13. g5 Ng4 14. Bd4
Ne5 15. Qg3 Be7 16. f4 Ng4 17. Bxg7 Rg8 18. Bd4 Qd7 19. Bd3 O-O-O 20. Rhf1
Bf5 21. Bxf5 Qxf5 22. Qd3 Qxd3 23. Rxd3 c5 24. dxc6 bxc6 25. f5 d5 26. Na4
Bd6 27. Nc5 Rde8 28. Ra3 Re4 29. Nxe4 Bxa3 30. Nc5 Bxc5 31. Bxc5 Re8 32.
Kd2 Kd7 33. b3 Re5 34. f6 Ke6 35. Bd4 Re4 36. c3 c5 37. Bxc5 Ne5 38. Bd4
Ng6 39. Bf2 Nxh4 40. Bxh4 Rxh4 41. g6 Rg4 42. gxf7 Kxf7 43. Rf5 Rg2+ 44.
Kd3 Rxa2 45. Rxh5 Ra3 46. b4 Kxf6 47. Rxd5 Ke6 48. Ra5 Rxa5 49. bxa5 Kd5
50. c4+ 1-0

[Event "EuTCh w"]
[Site "Plovdiv BUL"]
[Date "2003.10.13"]
[Round "3"]
[White "Botvinnik,Ir"]
[Black "Aginian,N"]
[Result "1/2-1/2"]
[WhiteElo "2249"]
[BlackElo "2174"]
[EventDate "2003.10.10"]

1. c4 c5 2. g3 Nf6 3. Nc3 d5 4. cxd5 Nxd5 5. Bg2 Nc7 6. Nf3 Nc6 7. O-O e5
8. d3 Be7 9. Nd2 O-O 10. Nc4 f6 11. f4 exf4 12. Bxf4 Be6 13. Rf2 Nd5 14.
Bd2 Rb8 15. a4 Qd7 16. Rc1 Rfd8 17. Ne4 Nb6 18. b3 Nd4 19. Bf4 Ra8 20. Na5
Nd5 21. e3 Nc6 22. Nxc6 bxc6 23. Nxc5 Bxc5 24. Rxc5 g5 25. e4 Nb4 26. Be3
Qxd3 27. Qc1 Qd1+ 28. Rf1 Qxc1 29. Bxc1 Bxb3 30. Rxf6 Rd1+ 31. Bf1 Nd3 32.
Rxg5+ Kh8 33. Ba3 c5 34. Rf3 h6 35. Rh5 Bc4 36. Rhf5 Ra1 37. Rxd3 Rxf1+ 38.
Rxf1 Bxd3 39. Re1 c4 40. Bb2+ Kg8 41. Kf2 Rf8+ 42. Ke3 Rf1 43. a5 a6 44.
Kd4 Kf7 45. e5 h5 46. Bc3 Kg6 47. Kd5 Kf7 48. Kc6 Ke6 49. Kb6 Kf5 50. h3
Be2 51. Kc7 Ke6 52. Bd4 Kd5 53. Ba1 Ke6 54. Kb6 Kf5 55. g4+ hxg4 56. hxg4+
Kxg4 57. e6 Kf5 58. e7 Ke6 59. Kc7 Kf7 60. Kd8 1/2-1/2

[Event "EuTCh w"]
[Site "Plovdiv BUL"]
[Date "2003.10.13"]
[Round "3"]
[White "Foisor,C"]
[Black "Ciuksyte,D"]
[Result "1-0"]
[WhiteElo "2398"]
[BlackElo "2295"]
[EventDate "2003.10.10"]

1. Nf3 Nf6 2. g3 b6 3. Bg2 Bb7 4. O-O c5 5. c4 e6 6. Nc3 a6 7. b3 Be7 8.
Bb2 d6 9. e3 Nbd7 10. Qe2 O-O 11. Rfd1 Rc8 12. d4 cxd4 13. Nxd4 Bxg2 14.
Kxg2 Qc7 15. f4 Nc5 16. Qf3 Rfd8 17. Rac1 Bf8 18. Nde2 Qb8 19. g4 h6 20. h4
e5 21. Ng3 Re8 22. g5 e4 23. Qe2 Nfd7 24. Rc2 Qa8 25. Nd5 Qb7 26. gxh6 g6
27. h5 Bxh6 28. hxg6 fxg6 29. Qg4 1-0

[Event "EuTCh w"]
[Site "Plovdiv BUL"]
[Date "2003.10.13"]
[Round "3"]
[White "Turauskiene,R"]
[Black "Ionescu,I"]
[Result "1-0"]
[WhiteElo "2218"]
[BlackElo "2327"]
[EventDate "2003.10.10"]

1. d4 d5 2. c4 c6 3. Nc3 Nf6 4. e3 a6 5. Nf3 b5 6. b3 Bg4 7. Be2 e6 8. O-O
Nbd7 9. h3 Bf5 10. Bd3 Bxd3 11. Qxd3 Be7 12. Bb2 O-O 13. Rac1 bxc4 14. bxc4
Qa5 15. Rb1 Rab8 16. Ba1 Rb4 17. Rxb4 Bxb4 18. Nd2 Rb8 19. Qc2 c5 20. cxd5
exd5 21. Nb3 Qc7 22. dxc5 Bxc5 23. Nxc5 Qxc5 24. Rd1 Rc8 25. Qf5 g6 26. Qg5
Qc6 27. Qh6 Nb6 28. Ne2 Qd6 29. Ng3 Nbd7 30. Ne4 Qe7 31. Nxf6+ Nxf6 32. Qh4
Rc6 33. Qd4 h6 34. Qb2 Qe6 35. Qb8+ Kh7 36. Qd8 Rd6 37. Qf8 Rc6 38. Qd8 Rd6
39. Qxf6 Qxf6 40. Bxf6 Rxf6 41. Rxd5 h5 42. g4 hxg4 43. hxg4 Rb6 44. Ra5
Kg7 45. Kg2 Kf6 46. f4 Ke6 47. Kf3 Rc6 48. g5 Rb6 49. e4 Ke7 50. f5 Rc6 51.
Kf4 Rb6 52. Ke5 gxf5 53. exf5 Kd7 54. f6 Ke8 55. Kf5 Kf8 56. g6 fxg6+ 57.
Kxg6 Rc6 58. Rd5 Ke8 59. Kg7 Rc7+ 60. Kg8 Rc8 61. Re5+ Kd7+ 62. Kg7 Rc2 63.
a4 Rg2+ 64. Kf8 Rb2 65. f7 Rb8+ 66. Kg7 1-0